Katherine Anne Porter /

Bibliographic Details
Main Author: Hendrick, Willene, 1928-2010
Other Authors: Hendrick, George
Format: Book
Language:English
Published: Boston : Twayne Publishers, [1988]
Edition:Rev. ed.
Series:Twayne's United States authors series ; TUSAS 90.
Subjects:

MARC

Tag First Indicator Second Indicator Subfields
LEADER 00000cam a22000008a 4500
001 in00000009882
005 20151007051558.0
008 870728s1988 maucf b 00110 eng
010 |a  87021246  
020 |a 0805775137 (alk. paper) 
035 |a (OCoLC)16469038 
035 |9 AAA3714AM 
040 |a DLC  |c DLC  |d TXA  |d UtOrBLW 
049 |a TXAM  |c [A12641495] 
050 0 0 |a PS3531.O752  |b Z683 1988 
082 0 |a 813/.52  |2 19 
100 1 |a Hendrick, Willene,  |d 1928-2010. 
245 1 0 |a Katherine Anne Porter /  |c by Willene Hendrick and George Hendrick. 
250 |a Rev. ed. 
264 1 |a Boston :  |b Twayne Publishers,  |c [1988] 
264 4 |c ©1988 
300 |a 160 pages , 1 unnumbered leaf of plates :  |b portrait 
336 |a text  |b txt  |2 rdacontent 
337 |a unmediated  |b n  |2 rdamedia 
338 |a volume  |b nc  |2 rdacarrier 
490 1 |a Twayne's United States authors series ;  |v TUSAS 90 
500 |a Revised edition of: Katherine Anne Porter / George Hendrick. 
504 |a Bibliography: pages 149-157. 
500 |a Includes index. 
600 1 0 |a Porter, Katherine Anne,  |d 1890-1980  |x Criticism and interpretation. 
700 1 |a Hendrick, George. 
830 0 |a Twayne's United States authors series ;  |v TUSAS 90. 
999 |a MARS 
999 f f |s 0da9843c-a759-3d42-98dc-8d56deb5825f  |i 6cbd7ee3-4aab-3dbd-b0ce-7d036b20d15f  |t 0 
952 f f |p normal  |a Texas A&M University  |b College Station  |c Sterling C. Evans Library  |d Evans: Library Stacks  |t 0  |e PS3531.O752 Z683 1988  |h Library of Congress classification  |i unmediated -- volume  |m A14812641495 
998 f f |a PS3531.O752 Z683 1988  |t 0  |l Evans: Library Stacks